ბათუმის შოთა რუსთაველის სახელმწიფო უნივერსიტეტის ბიბლიოთეკა

ბუღალტრული აღრიცხვა : №10(250). ოქტომბერი 2017 (ბიბ.ჩანაწერი № 54440)

000 -LEADER
fixed length control field 01033nam a2200217Ia 4500
001 - CONTROL NUMBER
control field 21496
003 - CONTROL NUMBER IDENTIFIER
control field GE_BSU
008 - FIXED-LENGTH DATA ELEMENTS--GENERAL INFORMATION
fixed length control field 181216s||||||||xx |||||||||||||| ||und||
040 ## - CATALOGING SOURCE
Transcribing agency GE_BSU
080 ## - UNIVERSAL DECIMAL CLASSIFICATION NUMBER
Universal Decimal Classification number პერიოდიკა
245 ## - TITLE STATEMENT
Title ბუღალტრული აღრიცხვა : №10(250). ოქტომბერი 2017
245 ## - TITLE STATEMENT
Remainder of title საქართველოს პროფესიონალ ბუღალტერთა და აუდიტორთა ფედერაცია.
245 ## - TITLE STATEMENT
Statement of responsibility, etc. მთავარი რედაქტორი ლავრენტი ჭუმბურიძე.გამოც.რედ:მანანა გველესიანი.
260 ## - PUBLICATION, DISTRIBUTION, ETC.
Place of publication, distribution, etc. თბილისი
260 ## - PUBLICATION, DISTRIBUTION, ETC.
Date of publication, distribution, etc. 2017
300 ## - PHYSICAL DESCRIPTION
Extent 72 გვ. ; 28 სმ
653 ## - INDEX TERM--UNCONTROLLED
Uncontrolled term ბუღალტერია
653 ## - INDEX TERM--UNCONTROLLED
Uncontrolled term ბუღალტრული აღრიცხვა : №10(250). ოქტომბერი 2017
653 ## - INDEX TERM--UNCONTROLLED
Uncontrolled term პერიოდიკა
942 ## - ADDED ENTRY ELEMENTS (KOHA)
Koha item type პერიოდიკა
ეგზემპლარები
Withdrawn status Lost status Damaged status Not for loan Date acquired Barcode Date last seen Price effective from Koha item type Public note
        2018-12-17 p 78863 2018-12-17 2018-12-17 პერიოდიკა პერიოდიკა
        2018-12-17 p 78862 2018-12-17 2018-12-17 პერიოდიკა პერიოდიკა